Radiologic physics /

Bibliographic Details
Main Author: Weyl, Charles, 1896-
Other Authors: Warren, S. Reid (Samuel Reid), 1908-, O'Neill, Dallett B.
Format: Book
Language:English
Published: Springfield, Ill., Baltimore, Md. : C. C. Thomas, 1941.
Subjects:

MARC

Tag First Indicator Second Indicator Subfields
LEADER 00000cam a2200000 4500
001 in00000041909
005 20151007064823.0
008 770727s1941 ilu b 00000 eng
010 |a  41005854  
035 |a (OCoLC)03143896 
035 |9 AAE0681AM 
040 |a DLC  |c OCP  |d TXA  |d UtOrBLW 
049 |a TXAM  |c [93813] 
050 0 |a QC481  |b .W48 
082 0 |a 537.53 
092 |a 539.7  |b W548r 
100 1 |a Weyl, Charles,  |d 1896- 
245 1 0 |a Radiologic physics /  |c by Charles Weyl, W. Reid Warren, jr. [and] Dallett B. O' Neill, with a foreword by Eugene P. Pendergrass. 
264 1 |a Springfield, Ill.,  |a Baltimore, Md. :  |b C. C. Thomas,  |c 1941. 
300 |a xvii, 459 pages 1 :  |b illustrations, tables (1 folded) diagrams ;  |c 24 cm. 
336 |a text  |b txt  |2 rdacontent 
337 |a unmediated  |b n  |2 rdamedia 
338 |a volume  |b nc  |2 rdacarrier 
500 |a Bibliography at end of each chapter. 
650 0 |a X-rays. 
650 0 |a Radiation. 
650 0 |a Electricity. 
700 1 |a Warren, S. Reid  |q (Samuel Reid),  |d 1908- 
700 1 |a O'Neill, Dallett B. 
999 |a MARS 
999 f f |s ee172475-c250-332e-a8bd-550e4ff8792c  |i fc6cd668-f139-3561-813b-9df44ed15ed9  |t 0 
952 f f |p ric  |a Texas A&M University  |b Rellis Campus  |c Joint Library Facility  |d Remote Storage  |t 0  |e QC481 .W48  |h Library of Congress classification  |i unmediated -- volume  |m A14800929340 
998 f f |a QC481 .W48  |t 0  |l Remote Storage